00516 2200205 4500001002100000005001500021008004100036020002200077035001900099041000700118082001500125090002100140100002100161700002000182700001600202245002100218260002600239300002400265650002100289INLIS00000000001539120241224114926241224||||||||| | ||| |||| || |  a978-979-727-583-9 0010-1224015391 aid0 a363.738774 a363.738774 DON p0 aDonny Muhammad R0 aFoggy Fauziah F0 aFRED PEARCE00aPemanasan Global aBandungbArmicoc2007 a74 hlm,:ilus,;22 cm 0aIlmu ilmu sosial